Disney Movies by emoji - Statistics

General Stats
  • This quiz has been taken 913 times
  • The average score is 21 of 37
Answer Stats
Hint Answer % Correct
๐Ÿ‘ธโ„๏ธ Frozen
96%
๐Ÿฆ๐Ÿ‘‘ The Lion King
86%
๐Ÿ€๐Ÿ‘จโ€๐Ÿณ๐Ÿ Ratatouille
84%
๐Ÿ ๐ŸŽˆ๐Ÿ‘ด Up
82%
โœจ๐Ÿคฅ๐Ÿฆ— Pinocchio
80%
๐Ÿงœโ€โ™€๏ธ๐Ÿ ๐Ÿฆ€ The Little Mermaid
76%
๐Ÿฐ๐ŸฆŠ๐Ÿ‘ฎ Zootopia
75%
๐Ÿ‘ธ๐Ÿธ The Princess and the Frog
73%
๐Ÿš—๐Ÿšœ๐Ÿš’ Cars
72%
๐Ÿ˜๐Ÿ‘‚ Dumbo
69%
๐ŸฆŠ๐Ÿน๐Ÿ’ฐ Robin Hood
68%
๐Ÿ‘น๐Ÿšช๐Ÿ˜ฑ Monsters, Inc.
66%
๐Ÿชž๐ŸŽโ˜ ๏ธ Snow White and the Seven Dwarfs
66%
๐ŸŽƒ๐Ÿ‘—๐Ÿ‘  Cinderella
65%
โ›ต๐Ÿช๐Ÿ“ Moana
65%
๐Ÿงšโ€โ™€๏ธ๐Ÿช๐ŸŠ Peter Pan
65%
๐Ÿ‘จโ€๐Ÿ‘ฉโ€๐Ÿ‘งโ€๐Ÿ‘ง๐Ÿฆธ The Incredibles
63%
๐Ÿ˜„๐Ÿ˜Ÿ๐Ÿง  Inside Out
62%
๐Ÿชก๐Ÿ˜ด๐Ÿ’‹ Sleeping Beauty
62%
๐Ÿค ๐Ÿ‘จโ€๐Ÿš€๐Ÿฆ– Toy Story
62%
๐Ÿ‘ฆ๐Ÿป๐Ÿ’€๐ŸŽธ Coco
61%
๐Ÿค–๐Ÿš€๐ŸŒฑ WALL-E
60%
๐Ÿง‘๐Ÿฆ๐ŸŒณ Tarzan
59%
๐Ÿ”ฅ๐Ÿ’งโค๏ธ Elemental
57%
๐ŸŒด๐Ÿ‘ฝ๐Ÿ„ Lilo and Stitch
52%
๐Ÿ›๏ธ๐Ÿ’ช๐Ÿ˜ˆ Hercules
50%
๐Ÿฆ•๐Ÿ‘ฆ๐Ÿป๐Ÿฆ– The Good Dinosaur
50%
๐Ÿ•ฏ๏ธโฒ๏ธ๐Ÿ‘น Beauty and the Beast
46%
โ›ต๐Ÿฆ๐ŸŒณ Pocahontas
36%
๐ŸŸ๐Ÿ‘ฆ๐Ÿป๐Ÿšฒ Luca
35%
๐Ÿ ๐Ÿ•ฏ๏ธ๐Ÿฆ‹ Encanto
32%
๐Ÿ’€๐Ÿ‘ผ๐ŸŽน Soul
28%
๐Ÿง™โš”๏ธ๐Ÿ‘‘ The Sword in the Stone
28%
๐ŸงŒ๐Ÿช„๐Ÿš Onward
26%
โ›ช๐Ÿ””๐Ÿ’ƒ The Hunchback of Notre Dame
23%
๐Ÿ‰๐Ÿ”ฎ๐Ÿฆ” Raya and the Last Dragon
20%
๐Ÿ‘ฉ๐Ÿป๐ŸฆŠ๐Ÿชž Turning Red
11%
No matching quizzes found
Score Distribution
Percent of People with Each Score
Percentile by Number Answered
Your Score History
You have not taken this quiz